[Event "IECC M email"]
[Site "IECC email"]
[Date "2003.01.25"]
[Round "?"]
[White "Worland, Richard"]
[Black "Strungis, Edward"]
[Result "1-0"]
[WhiteElo "1141"]
[BlackElo "1000"]
[PlyCount "61"]
[EventDate "2003.??.??"]
[EventType "tourn (corr)"]
[EventRounds "6"]
[SourceTitle "Corr 2008"]
[Source "ChessBase"]
[SourceDate "2008.06.24"]
[SourceVersion "1"]
[SourceVersionDate "2008.06.24"]
[SourceQuality "1"]

1. e4 e5 2. Nf3 d6 3. Bb5+ c6 4. Ba4 Nf6 5. d3 Bg4 6. Nc3 b5 7. Bb3 Be7 8. h3 Bh5 9. 0-0 0-0 10. g4 Bg6 11. Nh4 d5 12. exd5 cxd5 13. Nxb5 a6 14. Nc3 Nfd7 15. Bxd5 Ra7 16. Nxg6 hxg6 17. Bg2 f6 18. Nd5 Bd6 19. c3 Nb6 20. Be3 N8d7 21. Nxb6 Nxb6 22. Qb3+ Rff7 23. Bxb6 Qa8 24. Bxa7 Qxa7 25. Bd5 f5 26. Qc4 e4 27. dxe4 fxe4 28. Rae1 Kh7 29. Bxf7 e3 30. g5 Qb8 31. Qh4# 1-0

[Event "IECC M email"]
[Site "IECC email"]
[Date "2003.01.23"]
[Round "?"]
[White "Jibouleau, Jean"]
[Black "Worland, Richard"]
[Result "0-1"]
[WhiteElo "1228"]
[BlackElo "1120"]
[PlyCount "80"]
[EventDate "2003.??.??"]
[EventType "tourn (corr)"]
[EventRounds "6"]
[SourceTitle "Corr 2008"]
[Source "ChessBase"]
[SourceDate "2008.06.24"]
[SourceVersion "1"]
[SourceVersionDate "2008.06.24"]
[SourceQuality "1"]

1. d4 d5 2. Nc3 Nf6 3. Nf3 Bg4 4. e3 e6 5. Be2 Bb4 6. 0-0 0-0 7. Ne5 Bf5 8. a3 Bd6 9. g4 Bg6 10. g5 Ne4 11. f4 Bxe5 12. dxe5 Nxg5 13. fxg5 Qxg5+ 14. Bg4 Bxc2 15. Qe2 Qg6 16. Rf2 Nc6 17. Rg2 Nxe5 18. Qxc2 Qxc2 19. Rxc2 Nxg4 20. Rg2 f5 21. Nb5 Rf7 22. Nd4 Re7 23. Nf3 c5 24. h3 Nf6 25. b4 cxb4 26. axb4 e5 27. Bb2 d4 28. exd4 e4 29. Ne5 a6 30. Rf1 Rd8 31. Rxf5 Nd5 32. Nf7 Rxf7 33. Rxf7 Kxf7 34. Re2 Re8 35. Kf2 Nf4 36. Re3 Nd3+ 37. Kg3 Nxb2 38. Kf4 Nd3+ 39. Kg4 Nxb4 40. Kf4 Nd5+ 0-1

[Event "IECC M email"]
[Site "IECC email"]
[Date "2003.01.23"]
[Round "?"]
[White "Worland, Richard"]
[Black "Jibouleau, Jean"]
[Result "1-0"]
[WhiteElo "1098"]
[BlackElo "1250"]
[PlyCount "49"]
[EventDate "2003.??.??"]
[EventType "tourn (corr)"]
[EventRounds "6"]
[SourceTitle "Corr 2008"]
[Source "ChessBase"]
[SourceDate "2008.06.24"]
[SourceVersion "1"]
[SourceVersionDate "2008.06.24"]
[SourceQuality "1"]

1. e4 e5 2. Nf3 Nc6 3. Bc4 Nf6 4. Ng5 d5 5. exd5 Nxd5 6. Qh5 Qe7 7. Bxd5 Be6 8. Bxe6 g6 9. Bxf7+ Qxf7 10. Nxf7 gxh5 11. Nxh8 0-0-0 12. Nf7 Rd7 13. Nxe5 Re7 14. f4 Nxe5 15. fxe5 Rxe5+ 16. Kd1 Bd6 17. d4 Re4 18. c3 h4 19. h3 c5 20. Nd2 Re6 21. Re1 Kd7 22. Nf3 Bg3 23. Rxe6 Kxe6 24. dxc5 Kd5 25. Be3 1-0

[Event "IECC M email"]
[Site "IECC email"]
[Date "2002.04.26"]
[Round "?"]
[White "Johnson, Aaron"]
[Black "Worland, Richard"]
[Result "0-1"]
[WhiteElo "949"]
[BlackElo "1065"]
[PlyCount "44"]
[EventDate "2002.??.??"]
[EventType "tourn (corr)"]
[EventRounds "6"]
[SourceTitle "Corr 2008"]
[Source "ChessBase"]
[SourceDate "2008.06.24"]
[SourceVersion "1"]
[SourceVersionDate "2008.06.24"]
[SourceQuality "1"]

1. e4 e5 2. d4 Bd6 3. Nf3 Nf6 4. Nc3 Nc6 5. Bc4 Qe7 6. Ng5 0-0 7. 0-0 exd4 8. Nb5 Nxe4 9. Qe1 Bb4 10. Qd1 Nxg5 11. Bxg5 Qxg5 12. Nxc7 Rb8 13. Bb5 Ba5 14. Bxc6 bxc6 15. Qxd4 Bxc7 16. Rae1 Qh5 17. f3 Bb7 18. Qxd7 Qxh2+ 19. Kf2 Bb6+ 20. Ke2 Rfd8 21. Qf5 Qxg2+ 22. Rf2 Qxf2# 0-1